AP-ordu ilişkileri : (Record no. 200429283)

MARC details
000 -LEADER
fixed length control field 01063cam a2200325 a 4500
001 - CONTROL NUMBER
control field 200429283
003 - CONTROL NUMBER IDENTIFIER
control field TR-AnTOB
005 - DATE AND TIME OF LATEST TRANSACTION
control field 20260127145942.0
008 - FIXED-LENGTH DATA ELEMENTS--GENERAL INFORMATION
fixed length control field 080522s1993 tu 000 0 tur d
020 ## - INTERNATIONAL STANDARD BOOK NUMBER
International Standard Book Number 9754703256
040 ## - CATALOGING SOURCE
Original cataloging agency BGZ
Transcribing agency BGZ
041 0# - LANGUAGE CODE
Language code of text/sound track or separate title Türkçe
049 ## - LOCAL HOLDINGS (OCLC)
Holding library BGZA
050 00 - LIBRARY OF CONGRESS CALL NUMBER
Classification number JQ1803.5.C58
Item number C59 1993
090 #0 - LOCALLY ASSIGNED LC-TYPE CALL NUMBER (OCLC); LOCAL CALL NUMBER (RLIN)
Classification number (OCLC) (R) ; Classification number, CALL (RLIN) (NR) JQ1803.5.C58
Local cutter number (OCLC) ; Book number/undivided call number, CALL (RLIN) C59 1993
100 1# - MAIN ENTRY--PERSONAL NAME
Personal name Cizre, Ümit
Relator code author
9 (RLIN) 50316
245 10 - TITLE STATEMENT
Title AP-ordu ilişkileri :
Remainder of title bir ikilemin anatomisi /
Statement of responsibility, etc. Ümit Cizre-Sakallıoğlu.
264 #1 - PRODUCTION, PUBLICATION, DISTRIBUTION, MANUFACTURE, AND COPYRIGHT NOTICE
Place of production, publication, distribution, manufacture İstanbul :
Name of producer, publisher, distributor, manufacturer İletişim Yayınları,
Date of production, publication, distribution, manufacture, or copyright notice 1993.
300 ## - PHYSICAL DESCRIPTION
Extent 279 p. ;
Dimensions 21 cm.
336 ## - CONTENT TYPE
Source rdacontent
Content type term text
Content type code txt
337 ## - MEDIA TYPE
Source rdamedia
Media type term unmediated
Media type code n
338 ## - CARRIER TYPE
Source rdacarrier
Carrier type term volume
Carrier type code nc
490 0# - SERIES STATEMENT
Series statement İletişim Yayınları ;
Volume/sequential designation 212
Series statement Araştırma - İnceleme Dizisi ;
Volume/sequential designation 36
504 ## - BIBLIOGRAPHY, ETC. NOTE
Bibliography, etc. note
610 20 - SUBJECT ADDED ENTRY--CORPORATE NAME
Corporate name or jurisdiction name as entry element Adalet Partisi
9 (RLIN) 37552
650 #0 - SUBJECT ADDED ENTRY--TOPICAL TERM
Topical term or geographic name entry element Sivil-asker ilişkileri
Geographic subdivision Türkiye
9 (RLIN) 26337
651 #7 - SUBJECT ADDED ENTRY--GEOGRAPHIC NAME
Geographic name Türkiye
General subdivision Siyaset ve yönetim
Chronological subdivision 1960-1980
9 (RLIN) 119068
942 ## - ADDED ENTRY ELEMENTS (KOHA)
Source of classification or shelving scheme Library of Congress Classification
Koha item type Book
Holdings
Withdrawn status Lost status Source of classification or shelving scheme Damaged status Not for loan Collection code Home library Current library Shelving location Date acquired Source of acquisition Inventory number Total Checkouts Full call number Barcode Date last seen Date shelved Koha item type
    Library of Congress Classification Yeni / New Ödünç Verilebilir / Available Genel Koleksiyon Merkez Kütüphane Merkez Kütüphane Genel Koleksiyon / Main Collection 29/03/2018 Bağış / Donation SUİ   JQ1803.5.C58 C59 1993 0056397 29/03/2018 06/04/2018 Book
Devinim Yazılım Eğitim Danışmanlık tarafından Koha'nın orjinal sürümü uyarlanarak geliştirilip kurulmuştur.